Statistics for English town to county 3

Click here to take the quiz!

General Stats

  • This quiz has been taken 25 times
  • The average score is 7 of 10

Answer Stats

HintAnswer% Correct
TorquayDevon
100%
SloughBerkshire
96%
IpswichSuffolk
88%
St.AlbansHertfordshire
72%
TelfordShropshire
64%
Milton KeynesBuckinghamshire
60%
Berwick upon TweedNorthumberland
56%
StourbridgeWest Midlands
52%
ChristchurchDorset
48%
UxbridgeGreater London
40%

Score Distribution

Percentile by Number Answered

Percent of People with Each Score

Your Score History

You have not taken this quiz